Espora : c. naturals : 5è EGB

Salvato in:
Dettagli Bibliografici
Ente Autore: Equipo Almenar
Altri autori: Pardo, Alberto
Natura: Libro
Lingua:catalano
Pubblicazione: Madrid : Anaya, 1988
Catalogo:MANES:  Risultati della ricerca del catalogo della biblioteca
Libro di testo Classificazione:
Tags: Aggiungi Tag
Nessun Tag, puoi essere il primo ad aggiungerne!!
Aggiunto a:2004-05-25
Cambiato in:2025-05-07

MARC

LEADER 00000nam a2200000 a 4500
001 .b1778562
003 ES-BaCBU
005 20250507130140.0
008 040526s1988 sp a b|l 000 ||cat|c
017 |a DL B. 25959-1988 
020 |a 8420726176 
035 |a 8420726176  |9 ES-BaUB001  |a 0828-26060  |9 ES-BaUB035 
040 |a ES-BaCBU  |b cat  |c ES-BaCBU  |d ES-BaUB 
110 2 |a Equipo Almenar  |9 33333 
245 1 0 |a Espora :  |b c. naturals : 5è EGB /  |c Equip Almenar: Alberto Pardo ... [et al.] 
260 |a Madrid :  |b Anaya,  |c 1988 
300 |a 143 p.:  |b il. col.;  |c 28 cm 
546 |a España 
561 |5 es-CRAI  |3 p1 TX EGB 4/5 ANA  |a España. Biblioteca Universitat de Barcelona  |k MANES 
690 0 |a CN 
691 0 |a PRI 
700 1 |a Pardo, Alberto  |9 31615 
856 |y Registro en Cercabib - CRAI 
942 |2 ddc  |c BK 
999 |c 89945  |d 89945 
999 |c manes:89945  |d 89945